| 000 | 00994cam a2200241 4500 | ||
|---|---|---|---|
| 001 | WB3809-09 | ||
| 008 | 020306n2002 000 0 eng u | ||
| 035 | _a(Sirsi) u117021 | ||
| 245 | _aCBI records surge in service sector | ||
| 260 | _c2002 | ||
| 490 |
_aCBI News Release _v1 March 2002 (2) |
||
| 520 | _aThe latest CBI quarterly survey records the first rise in business confidence for a year. The turnaround is particularly evident in the service sector, where confidence is at its highest level since late 1999. Interest rates are likely to remain steady so as not to damage the recovery. Faculty news story and link to CBI news release http://www.rics.org/ricscms/bin/show?class=News&template=/includes/shownews.html&id=2016 | ||
| 590 | _aWB | ||
| 650 | _aCBI | ||
| 650 | _aBANK OF ENGLAND | ||
| 650 | _aCOMPANIES | ||
| 650 | _aINTEREST RATES | ||
| 650 | _aTRENDS | ||
| 650 | _aSERVICE SECTOR | ||
| 650 | _aBUSINESS CONFIDENCE | ||
| 690 | _aECONOMIC ISSUES | ||
| 942 | _n0 | ||
| 999 |
_c69711 _d69711 |
||